New insights in mass media

Bibliographic Details
Main Author: Datta, K.B
Format: Book
Language:English
Published: New Delhi : Akansha Pub. , 2010
Subjects:

MARC

LEADER 00000cam a2200000 7i4500
001 0000023733
005 20111101.0
008 111031s ii # eng
020 |a 9788183702355 ,   |c RM306.00 
040 |a INS 
090 0 0 |a P92.17   |b D38 2010 
100 1 |a Datta, K.B 
245 1 0 |a New insights in mass media   |c K.B Datta 
260 |a New Delhi :   |b Akansha Pub. ,   |c 2010 
300 |a ix, 275p. ;   |c 22cm. 
500 |a Includes index 
504 |a Bibliography : p.270-272 
650 0 |a Mass media   |z India 
999 |a 1000000309   |b BOOK   |c Open Shelf   |e Default branch